|
|
|
|
| LEADER |
00000nam0a2200000 4500 |
| 001 |
378897 |
| 005 |
20231102013037.0 |
| 035 |
|
|
|a (RuTPU)RU\TPU\retro\36358
|
| 090 |
|
|
|a 378897
|
| 100 |
|
|
|a 20230620d1979 m y0rusy50 ca
|
| 101 |
0 |
|
|a rus
|
| 102 |
|
|
|a RU
|
| 105 |
|
|
|a a j 001zy
|
| 200 |
1 |
|
|a Отопление
|e учебник для техникумов
|f А. Н. Сканави
|
| 210 |
|
|
|a Москва
|c Стройиздат
|d 1979
|
| 215 |
|
|
|a 256 с.
|c ил.
|
| 320 |
|
|
|a Библиогр.: с. 248
|
| 606 |
1 |
|
|a Отопление
|2 stltpush
|3 (RuTPU)RU\TPU\subj\47798
|9 66709
|
| 610 |
1 |
|
|a системы отопления
|
| 610 |
1 |
|
|a тепловая мощность
|
| 610 |
1 |
|
|a отопительные приборы
|
| 610 |
1 |
|
|a теплопроводы
|
| 610 |
1 |
|
|a водяное отопление
|
| 610 |
1 |
|
|a гидравлический расчет
|
| 610 |
1 |
|
|a паровое отопление
|
| 610 |
1 |
|
|a воздушное отопление
|
| 610 |
1 |
|
|a панельно-лучистое отопление
|
| 610 |
1 |
|
|a центральное отопление
|
| 610 |
1 |
|
|a проектирование
|
| 610 |
1 |
|
|a учебники
|
| 675 |
|
|
|a 697.1(075.3)
|v 4
|
| 700 |
|
1 |
|a Сканави
|b А. Н.
|g Александр Николаевич
|
| 801 |
|
1 |
|a RU
|b 63413507
|c 20230620
|
| 942 |
|
|
|c BK
|